A handbook of company law / (Record no. 58074)

MARC details
000 -LEADER
fixed length control field 00614 a2200193 4500
008 - FIXED-LENGTH DATA ELEMENTS--GENERAL INFORMATION
fixed length control field 220624b ||||| |||| 00| 0 eng d
020 ## - INTERNATIONAL STANDARD BOOK NUMBER
International Standard Book Number 9789966530448
020 ## - INTERNATIONAL STANDARD BOOK NUMBER
International Standard Book Number 9966530448
050 ## - LIBRARY OF CONGRESS CALL NUMBER
Classification number KSK956
Item number .L35 2017
100 ## - MAIN ENTRY--PERSONAL NAME
Personal name Laibuta, Kibaya Imaana
245 ## - TITLE STATEMENT
Title A handbook of company law /
Remainder of title Kibaya Imaana Laibuta,
250 ## - EDITION STATEMENT
Edition statement Revised edition.
260 ## - PUBLICATION, DISTRIBUTION, ETC. (IMPRINT)
Name of publisher, distributor, etc LawAfrica Publishing (K) Ltd.,
Date of publication, distribution, etc 2017.
Place of publication, distribution, etc Nairobi, Kenya :
300 ## - PHYSICAL DESCRIPTION
Extent xl, 543 pages ;
Dimensions 26 cm
500 ## - GENERAL NOTE
General note Includes bibliographical references and index.<br/><br/>
650 ## - SUBJECT ADDED ENTRY--TOPICAL TERM
Topical term or geographic name as entry element Corporation law
Geographic subdivision Kenya.
650 ## - SUBJECT ADDED ENTRY--TOPICAL TERM
Geographic subdivision |z Kenya.
942 ## - ADDED ENTRY ELEMENTS (KOHA)
Item type Book
Source of classification or shelving scheme Library of Congress Classification
Holdings
Withdrawn status Lost status Source of classification or shelving scheme Damaged status Not for loan Collection code Home library Current library Shelving location Date acquired Source of acquisition Cost, normal purchase price Full call number Barcode Date last seen Copy number Price effective from Koha item type
    Library of Congress Classification   Not For Loan Reference Bishop Okullu Memorial Library (Limuru Campus) Bishop Okullu Memorial Library (Limuru Campus) Reference 24/06/2022 PURCHASE 2800.00 REF KSK956 .L35 2017 068875 24/06/2022 1 24/06/2022 Book
    Library of Congress Classification     Non-fiction Bishop Okullu Memorial Library (Limuru Campus) Bishop Okullu Memorial Library (Limuru Campus) General Circulation 24/06/2022 PURCHASE 2800.00 REF KSK956 .L35 2017 068876 24/06/2022 2 24/06/2022 Book
    Library of Congress Classification     Non-fiction Nairobi Campus Nairobi Campus General Circulation 24/06/2022 PURCHASE 2800.00 REF KSK956 .L35 2017 068877 24/06/2022 3 24/06/2022 Book
    Library of Congress Classification   Not For Loan Non-fiction Nakuru Campus Nakuru Campus General Circulation 24/06/2022 PURCHASE 2800.00 REF KSK956 .L35 2017 068878 24/06/2022 4 24/06/2022 Book